| 000 | 00000nam##2200000za#4500 |
| 001 | 9.689351 |
| 003 | CaOODSP |
| 005 | 20210624231845 |
| 007 | cr ||||||||||| |
| 008 | 150407|2007||||xxc|||||o f|0| 0 eng|d |
| 020 | |a978-0-662-45193-8 |
| 040 | |aCaOODSP|beng |
| 043 | |an-cn--- |
| 086 | 1 |aH21-287/2007E-PDF |
| 110 | 1 |aCanada. |bHealth Canada. |
| 245 | 10|aTowards a new leadership for the improvement of health services in French : |h[electronic resource]|breport to the Federal Minister of Health / |csubmitted by The Consultative Committee for French-Speaking Minority Communities. |
| 260 | |aOttawa - Ontario : |bHealth Canada |cFebruary 2007. |
| 300 | |a58p.|bcoloured maps, graphs, organization charts, tables |
| 500 | |aThe catalogue number (H21-287/2007) and ISBN (978-0-662-49856-8) for the bilingual print edition have been incorrectly copied in this electronic publication. |
| 520 | 3 |aThis report summarizes the progress made over the past five years toward providing French-language access to health services in French-speaking minority communities in Canada. It presents background information on the importance of health services in French; the intervention strategy the federal government adopted in 2001; and statistics on funded activities. The report presents seven recommendations on priorities, availability of services in French, partners and community involvement, and funding. |
| 590 | |a12-42-Supp|b2012-11-21 |
| 690 | 07|aBilingual services|2gcpds |
| 690 | 07|aHealth care system|2gcpds |
| 775 | 08|tPour un nouveau leadership en matière d'amélioration des services de santé en français : |w(CaOODSP)9.633762 |
| 776 | 0#|tTowards a new leadership for the improvement of health services in French : |w(CaOODSP)9.668399 |
| 776 | 0#|tPour un nouveau leadership en matière d'amélioration des services de santé en français : |w(CaOODSP)9.668400 |
| 856 | 40|ahttp://publications.gc.ca|qPDF|s608 KB|uhttps://publications.gc.ca/collections/collection_2012/sc-hc/H21-287-2007-eng.pdf |